Derecho Internacional (Registro nro. 21705)
[ vista simple ]
| 000 -ENCABEZADO | |
|---|---|
| Número de control [NR] | 00932nam a2200277Ia 4500 |
| 008 - DE LONGITUD FIJA DE DATOS DE ELEMENTOS - INFORMACIÓN GENERAL | |
| Elementos de longitud fija [NR] | 130821s1997 sp gr spa |
| 020 ## - NUMERO INTERNACIONAL NORMALIZADO PARA LIBROS [R] | |
| Número Internacional Normalizado del libro [NR] | 8448108353 |
| 040 ## - FUENTE DE CATALOGACION [NR] | |
| Agencia de catalogación original [NR] | Co-BoUCM |
| Idioma de catalogación [NR] | spa |
| 041 00 - CODIGO DE IDIOMA [R] | |
| Código de idioma para texto/pista de sonido o título separado [R] | Español |
| 245 00 - MENCION DE TITULO [NR] | |
| Título [NR] | Derecho Internacional |
| Mención de responsabilidad, etc. [NR] | Antonio Remiro Brotons...(et al) |
| 260 ## - PUBLICACION, DISTRIBUCION, ETC. (PIE DE IMPRENTA) [R] | |
| Lugar de publicación, distribución, etc. [R] | Madrid (España) |
| Nombre del editor, distribuidor, etc. [R] | McGraw-Hill |
| Fecha de publicación, distribución, etc. [R] | 1997 |
| 300 ## - DESCRIPCION FISICA [R] | |
| Extensión [R] | xlvii, 1269 páginas |
| 504 ## - NOTA DE BIBLIOGRAFIA, ETC. [R] | |
| Nota de bibliografía, etc. [NR] | |
| 650 04 - ASIENTO SECUNDARIO DE MATERIA - TERMINO TEMATICO [R] | |
| Término temático o nombre geográfico como elemento de entrada [NR] | Cooperación internacional |
| 9 (RLIN) | 11969 |
| 650 04 - ASIENTO SECUNDARIO DE MATERIA - TERMINO TEMATICO [R] | |
| Término temático o nombre geográfico como elemento de entrada [NR] | Derecho internacional humanitario |
| 9 (RLIN) | 7496 |
| 650 04 - ASIENTO SECUNDARIO DE MATERIA - TERMINO TEMATICO [R] | |
| Término temático o nombre geográfico como elemento de entrada [NR] | Derecho internacional público |
| 9 (RLIN) | 7498 |
| 650 04 - ASIENTO SECUNDARIO DE MATERIA - TERMINO TEMATICO [R] | |
| Término temático o nombre geográfico como elemento de entrada [NR] | Derecho internacional |
| 9 (RLIN) | 12776 |
| 650 04 - ASIENTO SECUNDARIO DE MATERIA - TERMINO TEMATICO [R] | |
| Término temático o nombre geográfico como elemento de entrada [NR] | Relaciones internacionales |
| 9 (RLIN) | 8042 |
| 650 04 - ASIENTO SECUNDARIO DE MATERIA - TERMINO TEMATICO [R] | |
| Término temático o nombre geográfico como elemento de entrada [NR] | Tratados |
| 9 (RLIN) | 25816 |
| 700 ## - ASIENTO SECUNDARIO - NOMBRE PERSONAL [R] | |
| Nombre personal [NR] | Diez-Hochleiner, Javier |
| 700 ## - ASIENTO SECUNDARIO - NOMBRE PERSONAL [R] | |
| Nombre personal [NR] | Remiro Brotons, Antonio |
| Fechas asociadas con el nombre [NR] | 1945- |
| 700 ## - ASIENTO SECUNDARIO - NOMBRE PERSONAL [R] | |
| Nombre personal [NR] | Riquelme Cortado, Rosa M |
| 830 ## - ASIENTO SECUNDARIO DE SERIE--TITULO UNIFORME [R] | |
| Título uniforme [NR] | BB_J_DINTE |
| 942 ## - ELEMENTOS DE ENTRADA AGREGADOS (KOHA) | |
| Tipo de ítem principal el descrito en 300a | Libro de reserva |
| Sistema de clasificación | DEWEY |
| Tema principal | Derecho |
| Edición | 1 |
| Clasificación | 341 |
| Parte restante de la signatura top. | D37 |
| Fecha de último préstamo | Total préstamos | Signatura topográfica | Código de barras | Última vez visto | Ejemplar | Price effective from | Tipo de ítem | Perdido | Sistema de clasificación | Dañado | No prestable | Tipo de ítem específico | Suprimido | Ubicación habitual | Ubicación actual | Localización | Fecha de creación | Forma de adquisición | Costo |
|---|---|---|---|---|---|---|---|---|---|---|---|---|---|---|---|---|---|---|---|
| 26/01/2018 | 169 | 341 D37 | 100043193 | 11/06/2026 | Ej.1 | 03/02/2013 | Libro de reserva | DEWEY | Libro de reserva | Claustro | Claustro | 3er piso | 28/02/2003 | Compra | 42300.00 |